000 02200pam a2200421 a 4500
001 sjdsbl2012047763
003 sjds
005 20200710123752.0
008 121228r20132003nyua j 000 0 eng d
010 _abl2012047763
020 _a9780064438681 (pbk.)
040 _aNjBwBT
_beng
_cNjBwBT
_dNjBwBT
041 0 _aeng
_aspa
050 1 4 _aPZ74.3
_b.P52 2013
082 0 4 _a398.8
_223
092 _a398.8
_bP662p
245 0 0 _aPio peep! :
_btraditional Spanish nursery rhymes /
_cselected by Alma Flor Ada & F. Isabel Campoy ; English adaptations by Alice Schertle ; illustrated by Vivi Escriva.
260 _aNew York :
_bHarper,
_c[2013], c2003.
264 1 _aNew York :
_bHarper,
_c[2013]
264 4 _cc2003.
300 _a64 pages :
_bcolor illustrations ;
_c28 cm.
336 _atext
_btxt
_2rdacontent.
337 _aunmediated
_bn
_2rdamedia.
338 _avolume
_bnc
_2rdacarrier.
500 _aOriginally published: New York : HarperCollins, 2003.
520 _aA collection of more than two dozen nursery rhymes in Spanish, from Spain and Latin America, with English translations.
650 0 _aNursery rhymes, Spanish.
_0http://id.loc.gov/authorities/subjects/sh85093337.
650 0 _aNursery rhymes, Spanish
_0http://id.loc.gov/authorities/subjects/sh85093337
_vTranslations into English.
_0http://id.loc.gov/authorities/subjects/sh99001577.
650 0 _aNursery rhymes, Spanish American.
_0http://id.loc.gov/authorities/subjects/sh85093338.
650 0 _aNursery rhymes, Spanish American
_0http://id.loc.gov/authorities/subjects/sh85093338
_vTranslations into English.
_0http://id.loc.gov/authorities/subjects/sh99001577.
650 1 _aNursery rhymes.
_0http://id.loc.gov/authorities/subjects/sh85093326.
650 1 _aSpanish language materials
_xBilingual.
_0http://id.loc.gov/authorities/childrensSubjects/sj96006152.
700 1 _aAda, Alma Flor.
_0http://id.loc.gov/authorities/names/n85122061.
700 1 _aCampoy, F. Isabel.
_0http://id.loc.gov/authorities/names/n95009077.
700 1 _aSchertle, Alice.
_0http://id.loc.gov/authorities/names/n79076696.
700 1 _aEscriv©Ł, Viv©Ư,
_0http://id.loc.gov/authorities/names/n88649164
_eillustrator.
942 _cBK
999 _c24710
_d24710